Surviving secrets : the experience of abuse for the child, the adult and the helper

Bibliographic Details
Main Author: Walker, Moira
Format: Book
Published: Buckingham : University Press , 1992
Subjects:

MARC

LEADER 00000cam a2200000 7i4500
001 0000002613
002 000002840
005 .0
020 |a 0335097634 
090 0 0 |a 616.85822   |b WAL 
100 1 |a Walker, Moira 
245 1 0 |a Surviving secrets :   |b the experience of abuse for the child, the adult and the helper   |c Moira Walker 
260 |a Buckingham :   |b University Press ,   |c 1992 
300 |a 211p. ;   |c 21cm. 
650 0 0 |a Adult child abuse victims   |z England   |x case studies 
999 |a 036050   |b BUKU   |c PINJAMAN   |e PERPUSTAKAAN KOMUNITI PETALING JAYA